Ostróda '46

Titel: Ostróda '46 : jak Polacy Sowietów gromili / Andrzej Brzeziecki
Verfasser:
Ausgabe: Wydanie I
Veröffentlicht: Kraków : Znak Horyzont, 2023
Umfang: 267 Seiten
Format: Buch
Sprache: Polnisch
Schlagworte:
ISBN: 9788324088720
Buchumschlag
X
alg: 51733282
001A    $03004:22-04-24 
001B    $01999:16-11-25 $t17:04:28.000 
001D    $03004:22-04-24 
001U    $0utf8 
001X    $00 
002@    $0Aau 
002C    $aText $btxt $2rdacontent 
002D    $aohne Hilfsmittel zu benutzen $bn $2rdamedia 
002E    $aBand $bnc $2rdacarrier 
003@    $0517332825 
003O    $01410708730 $aOCoLC 
004A    $A978-83-240-8872-0 
006C    $01410708730 $aOCoLC 
007A    $0BV049369130 $aBVB 
007G    $0DE020B62D674374F1E21CC1258B40003209EB 
009P    $qapplication/pdf $3Literaturverzeichnis $uhttp://bvbr.bib-bvb.de:8991/F?func=service&doc_library=BVB01&local_base=BVB01&doc_number=034629120&sequence=000003&line_number=0002&func_code=DB_RECORDS&service_type=MEDIA $mDigitalisierung BSB München 19 - ADAM Catalogue Enrichment 
009P    $qapplication/pdf $A2 $3Inhaltsverzeichnis $uhttp://scans.hebis.de/HEBCGI/show.pl?51733282_toc.pdf $mV:DE-603;B:DE-Mb50 
009P    $qapplication/pdf $A2 $3Cover $uhttp://scans.hebis.de/HEBCGI/show.pl?51733282_cov.pdf $mV:DE-603;B:DE-Mb50 
009P    $qapplication/pdf $A2 $3Abstract $uhttp://scans.hebis.de/HEBCGI/show.pl?51733282_sum.pdf $mV:DE-603;B:DE-Mb50 
010@    $apol 
010E    $erda 
011@    $a2023 $n2023 
013D    $#Reportagen Sammlung $#Reportage Sammlung $7107186257X $8Reportagensammlung [Ts1] $9359647219 
021A    $aOstróda '46 $djak Polacy Sowietów gromili $hAndrzej Brzeziecki 
028A    $BVerfasser $4aut $7134280164 $8Brzeziecki, Andrzej$Z1978- [Tp3] $9198470398 
032@    $aWydanie I 
033A    $pKraków $nZnak Horyzont 
034D    $a267 Seiten 
044K    $qBVB $RPolen-Litauen $RKongresspolen $RWestgalizien $RStaat Krakau $#Generalgouvernement Polen $#Polska $#Rzeczpospolita Polska $#Polska Rzeczpospolita Ludowa $#Poland $#Pologne $#République Polonaise $#Generalne Gubernatorstwo w Polsce $#Polish People's Republic $#Polska Rzeczpospolita Polen $#PRL $#RP $#Polen Generalgouvernement $#Polska Generalgouvernement $#Besetzte Polnische Gebiete $#Besetztes Gebiet in Polen $#Okupowane Polskie Obszary $#Obszary Okupowane w Polsce $#Volksrepublik Polen $#Polska Rosyjska $#Republic Polen $#Respublika Pol'ša $#Pol'skaja Narodnaja Respublika $#République de Pologne $#Polen Links der Weichsel $#Polska po Lewej Stronie Wisły $#Lenkija $#Polija $#Gubernija Carstva Pol'skago $#Republik Polen $74046496-9 $8Polen [Tg1] $9085129801 
044K    $qBVB $RRüstung $#Militari $#Militär $#Militär $#Heerwesen $#Kriegswesen $#Streitkräfte $#Wehrwesen $#Militärwesen $#Armee Militär $74039305-7 $8Militär [Tsz] $9085107107 
044K    $qBVB $ROsterode $75086170-0 $8Ostróda [Tg1] $9044988486 
044K    $qBVB $RRossijskaja Social'-Demokratičeskaja Rabočaja Partija (Bol'ševikov) $RRussische SFSR $RSowjetunion $#Raboče-Krestʹjanskaja Krasnaja Armija Sowjetunion $#Sowjetunion, Krasnaja Armija $#Krasnaja Armija Sowjetunion $#Sowjetunion, Red Army $#Red Army Sowjetunion $#Sowjetunion, Armée rouge $#Armée rouge Sowjetunion $#Sowjetunion, Rote Armee $#Rote Armee Sowjetunion $#RKKA SSSR $7130443-4 $8Sowjetunion$bRaboče-Krestʹjanskaja Krasnaja Armija [Tb1] $9040793427 
044K    $qBVB $RKombattant $ROpposition $RWiderstandskämpfer $RProtest $#Government, Resistance to $#Underground movements, War $#Résistance politique $#Mouvements de résistance $#Politischer Widerstand $#Widerstand $#Widerstandsbewegung $#Politischer Widerstand $#Widerstandsbewegung $#Politischer Widerstand $#Widerstandsbewegung $74079262-6 $8Widerstand [Ts1] $9085225177 
045F    $a355.00943809044 $eDDC22BSB 
045F/01 $a355.009 
045F/03 $f09044 
045F/03 $g438 
045R    $aGeschichte 1946 
045T    $aOST $qDE-12 $2FID 

lok: 51733282 24

exp: 51733282 24 1 #EPN
201B/01 $029-05-24 $t08:33:46.000 
201C/01 $022-04-24 
201U/01 $0utf8 
203@/01 $01261797094 
208@/01 $a29-05-24 $bz 
209A/01 $a24.02742 $du $f050 $h24 02742 $x00 
209C/01 $a24.02742 K $h24 02742 K 
209G/01 $a74886116 $x00 
220C/01 $ahae 
247C/01 $8358050-7 Marburg, Bibliothek des Herder-Instituts Marburg $9102600961
LEADER 00000cam a2200000 c 4500
001 517332825
003 DE-603
005 20251116170428.0
007 tu
008 240422s2023 xx |||| | u00||u|pol c
020 |a 9788324088720 
035 |a (DE-599)BVBBV049369130 
035 |a (OCoLC)1410708730 
040 |a DE-603  |b ger  |c DE-603  |d DE-603  |e rda 
041 |a pol 
082 0 4 |8 1\u  |a 355.00943809044  |q DE-101  |2 22/BSB 
084 |a OST  |q DE-12  |2 fid 
085 |8 1\u  |b 355.009 
085 |8 1\u  |z 1  |s 09044 
085 |8 1\u  |z 2  |s 438 
100 1 |a Brzeziecki, Andrzej  |d 1978-  |e Verfasser  |4 aut  |0 (DE-603)198470398  |0 (DE-588)134280164  |2 gnd 
245 0 0 |a Ostróda '46  |b jak Polacy Sowietów gromili  |c Andrzej Brzeziecki 
250 |a Wydanie I 
264 1 |a Kraków  |b Znak Horyzont  |c 2023 
300 |a 267 Seiten 
336 |a Text  |b txt  |2 rdacontent 
337 |a ohne Hilfsmittel zu benutzen  |b n  |2 rdamedia 
338 |a Band  |b nc  |2 rdacarrier 
610 1 7 |a Sowjetunion  |b Raboče-Krestʹjanskaja Krasnaja Armija  |2 gnd  |0 (DE-588)130443-4  |0 (DE-603)040793427 
648 7 |a Geschichte 1946  |2 gnd 
650 7 |a Militär  |0 (DE-588)4039305-7  |0 (DE-603)085107107  |2 gnd 
650 7 |a Widerstand  |0 (DE-588)4079262-6  |0 (DE-603)085225177  |2 gnd 
651 7 |a Polen  |0 (DE-588)4046496-9  |0 (DE-603)085129801  |2 gnd 
651 7 |a Ostróda  |0 (DE-588)5086170-0  |0 (DE-603)044988486  |2 gnd 
655 7 |a Reportagensammlung  |2 gnd-content  |0 (DE-588)107186257X  |0 (DE-603)359647219 
856 4 2 |m Digitalisierung BSB München 19 - ADAM Catalogue Enrichment  |q application/pdf  |u http://bvbr.bib-bvb.de:8991/F?func=service&doc_library=BVB01&local_base=BVB01&doc_number=034629120&sequence=000003&line_number=0002&func_code=DB_RECORDS&service_type=MEDIA  |3 Literaturverzeichnis 
856 4 2 |m V:DE-603;B:DE-Mb50  |q application/pdf  |u http://scans.hebis.de/HEBCGI/show.pl?51733282_toc.pdf  |3 Inhaltsverzeichnis 
856 4 2 |m V:DE-603;B:DE-Mb50  |q application/pdf  |u http://scans.hebis.de/HEBCGI/show.pl?51733282_cov.pdf  |3 Cover 
856 4 2 |m V:DE-603;B:DE-Mb50  |q application/pdf  |u http://scans.hebis.de/HEBCGI/show.pl?51733282_sum.pdf  |3 Abstract 
924 0 |9 Mb 50  |a (DE-603)1261797094  |b DE-Mb50  |c HES  |d c  |g 24.02742